Responses for Show #7062 - Tuesday, May 5, 2015

Contestants

[<< previous game]

Dan Green, an administrative specialist from Orland, California

Jen Stoy, a technical writer from Hyattsville, Maryland

Scott Ylinen, a draftsman and college student from Morgantown, West Virginia (whose 1-day cash winnings total $22,505)

[next game >>]

Jeopardy! Round responses

WE MEAN BUSINESS
U.S. HOLIDAYS & OBSERVANCES
WRITERS BY MIDDLE NAMES
(Alex: We'll give you the middle name.)
WORLD CAPITALS
PULLING OUT ALL THE STOPS
"GOOD" PEOPLE
    $200 9
a franchise

Dan
    $200 6
St. Patrick's Day

Jen
    $200 12
(Edgar Allan) Poe

Scott
    $200 1
Jakarta

Scott
    $200 17
cease

Scott
    $200 26
(Alex: Good, with less than a minute to go.)

Roger Goodell

Dan
    $400 13
Waste Management

Scott
    $400 11
(Scott: What is the Wasatch Valley?)

the Salt Lake Valley

ScottJen
    $400 24
(Alex: You have done a lot of reading, and you've paid attention to what you were reading.)

Louisa May Alcott

Jen
    $400 2
Nairobi

Scott
    $400 18
terminate

Scott
    $400 27
Mr. Goodwrench

Triple Stumper
    $600 14
(Charles) Pfizer

Scott
    $600 10
California

Dan
    $600 23
(Samuel Taylor) Coleridge

Jen
    $600 3
Baghdad

Jen
    $600 19
halt

Scott
    $600 28
Mark Goodson

Dan
    $800 15
Biscuit

Scott
    $800 8
Father Damien

Scott
    $800 22
Robert Louis Stevenson

Jen
    $500 4
(Jen: Um, what is Marrakesh?)

Tripoli

Jen
    $800 20
the finish

Jen
    $800 29
(John) Goodman

Scott
    $1000 16
Quicken

Triple Stumper
    $1000 7
Guam

Jen
    $1000 21
Zora Neale Hurston

Jen
    $1000 5
Lima (Peru)

Dan
    $1000 25
blockade

Scott
    $1000 30
Ginnifer Goodwin

Dan

Scores at the first commercial break (after clue 14):

Scott Jen Dan
$2,200 $1,700 $1,800

Scores at the end of the Jeopardy! Round:

Scott Jen Dan
$6,000 $5,300 $3,600

Double Jeopardy! Round responses

THE BRITISH PARLIAMENT
MULTIPLE ROLES, SAME MOVIE
1950s AMERICA
PICK A NUMBER
"DIS" HERE CATEGORY
(He So: We're celebrating...)
AMERICAN BALLET THEATRE'S 75th ANNIVERSARY
    $400 2
white

Dan
    $400 7
Monty Python and the Holy Grail

Dan
    $400 16
Corvette

Dan
    $400 1
57

Scott
    $400 21
disbar

Scott
    $400 26
(Scott: What is The Nutcracker)

Swan Lake

ScottJen
    $4,000 3
(Dan: What is Oxford?)

the Church of England

Dan
    $800 8
Night at the Museum

Scott
    $800 17
(Douglas) MacArthur

Scott
    $800 12
6

Dan
    $800 22
the disciples

Scott
    $800 27
Romeo and Juliet

Jen
    $1200 4
Myanmar

Dan
    $2,500 9
The Man in the Iron Mask

Scott
    $1200 18
"In God We Trust"

Dan
    $1200 13
54°40'

Dan
    $1200 23
distemper

Scott
    $1200 28
(Alex: Oh, you had to go for the obvious. [*].)

Tchaikovsky

Triple Stumper
    $1600 5
(Jen: What is the Tower of London?)

the Palace of Westminster

ScottJen
    $1600 10
History of the World: Part I

Dan
    $1600 19
Beetle Bailey

Jen
    $1600 14
571

Scott
    $1600 24
disclosure

Dan
    $1600 30
(Alex: Our congratulations to ABT on their 75th anniversary. Their new spring season starts next week, and we want to thank all the dancers who contributed to providing clues for this category.)

Victor Hugo

Triple Stumper
    $2000 6
(Dan: What is the scepter?)

the mace

ScottDan
    $2000 11
(Dan: What is Twins?)

Dead Ringers

Dan
Triple Stumper
    $2000 20
Bobby Fischer

Dan
    $2000 15
7

Scott
    $2000 25
distaff

Dan
    $2000 29
Fancy Free

Triple Stumper

Scores at the end of the Double Jeopardy! Round:

Scott Jen Dan
$19,700 $6,500 $8,400
(lock game)

[wagering suggestions for these scores]

Final Jeopardy! Round responses

LITERATURE
(Alex: [To Dan] You were going for The Princess Bride, it looks like.)
JenWhat is Anna Karenina?
$6,400
DanWhat is The Princess Br
$4,700
ScottWhat is A Anna Karenina
$1,450
Anna Karenina

Final scores:

Scott Jen Dan
$21,150 $12,900 $3,700
2-day champion: $43,655 2nd place: $2,000 3rd place: $1,000

Game dynamics:

Coryat scores:

Scott Jen Dan
$18,400 $7,000 $12,400
23 R
(including 1 DD),
2 W
12 R,
2 W
(including 1 DD)
17 R,
3 W
(including 1 DD)

Combined Coryat: $37,800

[game clues] [game scores] [suggest correction]

Game tape date: Unknown
The J! Archive is created by fans, for fans. Scraping, republication, monetization, and malicious use prohibited; this site may use cookies and collect identifying information. See terms. The Jeopardy! game show and all elements thereof, including but not limited to copyright and trademark thereto, are the property of Jeopardy Productions, Inc. and are protected under law. This website is not affiliated with, sponsored by, or operated by Jeopardy Productions, Inc. Join the discussion at JBoard.tv.